Music Quiz

Random Music or The Beatles Quiz

The Beatles Countries Quiz Stats

 Plays Quiz Updated Jul 2, 2018

Challenge
Share
Tweet
Score 0/16 Timer 03:00
1 Play Today
% Correct
United States
99.1%
France
95.7%
UK
94.7%
Canada
94.3%
(West)
Germany
92.9%
Spain
89.3%
Italy
82.2%
Australia
76.4%
% Correct
Ireland
73.5%
Sweden
57.2%
Japan
49.8%
Netherlands
48.3%
China
(Hong Kong)
40.1%
New Zealand
32%
Denmark
22.3%
Philippines
15.6%

You're not logged in!

Compare scores with friends on all Sporcle quizzes.
Join for Free
OR
Log In

You Might Also Like...

Show Comments

Extras

Top Quizzes Today


Score Distribution

Your Account Isn't Verified!

In order to create a playlist on Sporcle, you need to verify the email address you used during registration. Go to your Sporcle Settings to finish the process.

Report this User

Report this user for behavior that violates our Community Guidelines.

Details: